000 00906cad a22001935a 4500
001 E154258
008 111108s2011 xxk f s000 0 eng d
020 _a9781780454894
035 _a(Sirsi) u154258
041 0 _aeng
110 2 _aAEA Group
_95984
245 0 2 _aA study into the recovery of heat from power generation in Scotland
_h[electronic resource]
260 _aEdinburgh
_bScottish Government
_c2011
520 _aLooks at the possibility of recovering heat from large scale power stations to provide heating through local district heat networks. The research focuses on four power stations sites in Scotland: Longannet; Cockenzie; Hunterston; and Peterhead.
651 4 _aScotland
_y1999-
690 _aENVIRONMENTAL AND LAND CONSULTANCY-ENERGY
856 4 0 _uhttps://www.scotland.gov.uk/Publications/2011/11/04102846/0
_zView the research free of charge at www.scotland.gov.uk
942 _n0
999 _c112913
_d112913